000 00294 a2200145 4500
001 166054
020 _a
040 _cMagnum
100 _aTeixeira, Anisio
240 1 0 _aEducacao e um direito
_lpor
245 1 0 _aEducacao e um direito
362 0 _a1899
697 _aENSINO
942 _cBK
999 _c166054
_d166054